000 00233nam a22000857a 4500
008 160704b xxu||||| |||| 00| 0 eng d
100 _91962
_a Jain, R
245 _aInformatics Practices - XII
260 _aNew Delhi
_bArya Publications
_c2003
999 _c1663
_d1663